| 000 | 00804cab a2200253 4500 | ||
|---|---|---|---|
| 001 | ABS58811 | ||
| 008 | 090401t1998 xxu||||| |||| 00| 0 eng d | ||
| 035 | _a(Sirsi) u86474 | ||
| 041 | _aeng | ||
| 100 | _aReynolds, P. | ||
| 245 | 4 | _aThe crossrail resurrection | |
| 260 | _c1998 | ||
| 350 | _a0 | ||
| 490 |
_aContract Journal _v393(6175) 13 May 1998, 20-21(2) |
||
| 520 | _aReports on the move by City of London financial institutions to fund the resurrection of the dormant east-west rail link, Crossrail, through the Capital. Timetable of the Crossrail history. | ||
| 650 | _aCITY OF LONDON | ||
| 650 | _aCORPORATION OF LONDON | ||
| 650 | _aCROSSRAIL | ||
| 650 | _aPRIVATE FINANCE | ||
| 650 | _aRAILWAYS | ||
| 690 | _aTRANSPORT AND COMMUNICATION | ||
| 942 | _n0 | ||
| 948 | _c29/05/1998 | ||
| 999 |
_c54432 _d54432 |
||